00334 2200145 4500001002100000005001500021035002000036245002800056100001700084250000600101260003500107082000800142084001400150990002400164INLIS00000000000245120250604103752 a0010-06250000371 aUpacara /cKorrie Layun0 aKorrie Layun a1 aJakarta :bPustaka Jaya,c2002 a813 a813 KOR u a02.1860 s/d 02.1869